[Event "II Weekend A"]
[Site "Biella ITA"]
[Date "2011.09.24"]
[Round "3"]
[White "Guzzetti, Luigi Enrico"]
[Black "Meijers, Viesturs"]
[Result "0-1"]
[WhiteElo "1955"]
[BlackElo "2471"]
[PlyCount "120"]
[EventDate "2011.09.23"]

1. e4 c5 2. Nf3 e6 3. d4 cxd4 4. Nxd4 a6 5. Nc3 b5 6. a3 Bb7 7. Be3 Qc7 8. Be2
b4 9. axb4 Bxb4 10. O-O Bxc3 11. bxc3 Bxe4 12. Bf3 Bxf3 13. Qxf3 Nc6 14. Bf4
Qc8 15. Rfe1 Nge7 16. Bd6 Nxd4 17. cxd4 Qc6 18. Qa3 Nf5 19. Bb4 f6 20. Qd3 Kf7
21. c4 Rhc8 22. Rac1 Qb6 23. Bc5 Qb7 24. Ba3 Qb6 25. Bc5 Qa5 26. g4 Nh4 27. Qg3
g5 28. Re3 Ng6 29. Ra3 Qd2 30. Qe3 Qxe3 31. fxe3 Rc6 32. Rb1 a5 33. Ra4 Ne5 34.
Rb7 Nxg4 35. Rxd7+ Kg6 36. e4 Rb8 37. Rxa5 Rb1+ 38. Kg2 Ne3+ 39. Kf2 Nxc4 40.
Raa7 h6 41. Ra2 Rb3 42. Re2 g4 43. Bf8 Rc8 44. Bc5 Rh3 45. Re7 Rxh2+ 46. Ke1
Rh1+ 47. Kf2 Rb8 48. Kg2 Rbb1 49. d5 exd5 50. exd5 Rhd1 51. R7e4 Ne5 52. Bd4 h5
53. Bxe5 fxe5 54. Rxe5 Rb5 55. Re6+ Kg5 56. d6 Rbd5 57. R6e5+ Rxe5 58. Rxe5+
Kh4 59. Re6 Rd2+ 60. Kf1 g3 0-1

[Event "II Weekend A"]
[Site "Biella ITA"]
[Date "2011.09.24"]
[Round "3"]
[White "Lanzani, Mario"]
[Black "Bianco, Valerio"]
[Result "1-0"]
[WhiteElo "2359"]
[BlackElo "2176"]
[PlyCount "63"]
[EventDate "2011.09.23"]

1. e4 c5 2. Nf3 e6 3. d4 cxd4 4. Nxd4 a6 5. c4 b6 6. Be2 Bb7 7. Nc3 d6 8. O-O
Nd7 9. f4 Ngf6 10. Bf3 Qc7 11. Qe2 Rc8 12. b3 Be7 13. Bb2 O-O 14. Kh1 Ne8 15.
Rad1 Bf6 16. f5 Bxd4 17. Rxd4 e5 18. Rd2 Nb8 19. g4 f6 20. h4 Kh8 21. g5 Rg8
22. g6 h6 23. Rfd1 Rd8 24. Bg2 Rd7 25. Rd3 Qd8 26. Bc1 Bc6 27. Be3 Rf8 28. b4
Ba8 29. Qf2 Rb7 30. c5 bxc5 31. bxc5 Qa5 32. cxd6 1-0

[Event "II Weekend A"]
[Site "Biella ITA"]
[Date "2011.09.24"]
[Round "3"]
[White "Miracola, Massimiliano"]
[Black "Giretti Kanev, Jasen"]
[Result "1-0"]
[WhiteElo "1993"]
[BlackElo "2205"]
[PlyCount "99"]
[EventDate "2011.09.23"]

1. e4 c6 2. d4 d5 3. e5 c5 4. dxc5 Nc6 5. Bb5 Qc7 6. f4 Bd7 7. Nf3 Nxe5 8.
Bxd7+ Nxd7 9. b4 Ngf6 10. O-O a5 11. c3 b6 12. cxb6 Qxb6+ 13. Qd4 e6 14. Qxb6
Nxb6 15. b5 Bc5+ 16. Kh1 Ne4 17. a4 Nc4 18. Nd4 h5 19. g3 h4 20. g4 Kd7 21. Rf3
h3 22. Na3 Nb6 23. Nac2 Rh4 24. g5 f6 25. f5 e5 26. Ne6 Rc8 27. g6 Rg4 28. Be3
Bxe3 29. Nxe3 Rxc3 30. Nxg4 Rxf3 31. Nxg7 d4 32. Nh5 Nd5 33. g7 Ne7 34. Ngxf6+
Nxf6 35. Nxf6+ Kd6 36. g8=Q Nxg8 37. Nxg8 e4 38. b6 Rb3 39. f6 Rxb6 40. f7 Rb8
41. Nf6 e3 42. Nh7 d3 43. Kg1 Kc5 44. f8=Q+ Rxf8 45. Nxf8 Kb4 46. Kf1 Kb3 47.
Ke1 Kb2 48. Rd1 Kc3 49. Ne6 e2 50. Rd2 1-0

[Event "II Weekend A"]
[Site "Biella ITA"]
[Date "2011.09.24"]
[Round "3"]
[White "Naumkin, Igor"]
[Black "Attuati, Stefano"]
[Result "1-0"]
[WhiteElo "2473"]
[BlackElo "1977"]
[PlyCount "67"]
[EventDate "2011.09.23"]

1. d4 e6 2. c4 f5 3. Nf3 Nf6 4. g3 d5 5. Bg2 c6 6. O-O Bd6 7. b3 Qe7 8. Bb2 O-O
9. Nbd2 b6 10. Ne5 Bb7 11. Rc1 c5 12. cxd5 exd5 13. e3 Bxe5 14. dxe5 Ng4 15.
Nf3 Nd7 16. b4 Rad8 17. bxc5 Nxc5 18. h3 Nh6 19. Qc2 Rc8 20. Rfd1 Ne4 21. Qa4
Ba8 22. Ba3 Nc5 23. Qb5 Nf7 24. Rd2 Rfd8 25. Rdc2 Nxe5 26. Nxe5 Qxe5 27. Bxc5
bxc5 28. Rxc5 Rxc5 29. Qxc5 a6 30. Qb6 Qe8 31. Qxa6 d4 32. Qc4+ Qf7 33. exd4
Bxg2 34. Kxg2 1-0

[Event "II Weekend A"]
[Site "Biella ITA"]
[Date "2011.09.24"]
[Round "3"]
[White "Rocchi, Enrico"]
[Black "Topczewski, Damian"]
[Result "0-1"]
[WhiteElo "1943"]
[BlackElo "2189"]
[PlyCount "96"]
[EventDate "2011.09.23"]

1. e4 c5 2. c3 d6 3. d4 Nf6 4. dxc5 dxc5 5. Qxd8+ Kxd8 6. f3 e5 7. Be3 Be6 8.
Nd2 Nc6 9. Bc4 Bxc4 10. Nxc4 Kc7 11. Bg5 Nd7 12. Ne2 f6 13. Bh4 Nb6 14. Ne3 Rd8
15. Rd1 Rxd1+ 16. Kxd1 c4 17. Kc2 Bc5 18. Ng4 h5 19. Bf2 Nd7 20. Ne3 Bxe3 21.
Bxe3 Rb8 22. Rf1 b5 23. a3 a5 24. Bd2 Nc5 25. Nc1 b4 26. axb4 axb4 27. Be3 Na4
28. b3 Nxc3 29. bxc4 Na5 30. Bd2 Na4 31. Nb3 Nxc4 32. f4 Nxd2 33. Nxd2 exf4 34.
Rxf4 Kd6 35. Rf5 h4 36. Nb3 Rc8+ 37. Kd2 Nc3 38. Kd3 Na2 39. Rd5+ Ke7 40. Rc5
Rd8+ 41. Kc4 Kf7 42. Nd4 Rd7 43. Nc6 Rd2 44. Nd4 Rxg2 45. Ra5 Nc3 46. Ra7+ Kg8
47. Nf5 Nxe4 48. Nxh4 Rg4 0-1

[Event "II Weekend A"]
[Site "Biella ITA"]
[Date "2011.09.24"]
[Round "3"]
[White "Sbarra, Marco"]
[Black "Genocchio, Daniele"]
[Result "1-0"]
[WhiteElo "2227"]
[BlackElo "2432"]
[PlyCount "77"]
[EventDate "2011.09.23"]

1. d4 e6 2. c4 c5 3. d5 exd5 4. cxd5 d6 5. Nc3 g6 6. e4 Bg7 7. f4 Ne7 8. Nf3
O-O 9. Bc4 Bg4 10. O-O a6 11. a4 Nd7 12. h3 Bxf3 13. Qxf3 Kh8 14. Bd2 f5 15.
Kh1 fxe4 16. Nxe4 Ne5 17. Qe2 Nxc4 18. Qxc4 b5 19. Qc2 Nxd5 20. Ng5 Qf6 21.
axb5 axb5 22. Rxa8 Rxa8 23. Qb3 Qd4 24. Bc3 Qc4 25. Bxg7+ Kxg7 26. Qf3 Ne3 27.
Qb7+ Kf6 28. Nxh7+ Kf5 29. g4+ Ke6 30. Re1 Qd5+ 31. Qxd5+ Kxd5 32. Rxe3 Ra2 33.
f5 gxf5 34. gxf5 Rxb2 35. Rf3 Ke4 36. Rf1 Ra2 37. f6 b4 38. f7 Ra8 39. Nf6+ 1-0

[Event "II Weekend A"]
[Site "Biella ITA"]
[Date "2011.09.24"]
[Round "3"]
[White "Seyfried, Claus"]
[Black "Faraoni, Enrico"]
[Result "1/2-1/2"]
[WhiteElo "2144"]
[BlackElo "2104"]
[PlyCount "40"]
[EventDate "2011.09.23"]

1. e4 c5 2. c3 e6 3. d4 d5 4. exd5 exd5 5. Be3 c4 6. b3 cxb3 7. axb3 Bd6 8. Nf3
Ne7 9. Qd2 O-O 10. Be2 Re8 11. O-O Nf5 12. Bd3 Nc6 13. Bf4 Qf6 14. Bg5 Qg6 15.
Na3 Bxa3 16. Rxa3 Qh5 17. Qc2 Nd6 18. Bf4 Ne4 19. Re1 Bf5 20. Raa1 Rac8 1/2-1/2

[Event "II Weekend A"]
[Site "Biella ITA"]
[Date "2011.09.24"]
[Round "3"]
[White "Solodovnichenko, Yuri"]
[Black "Vezzosi, Paolo"]
[Result "1-0"]
[WhiteElo "2622"]
[BlackElo "2351"]
[PlyCount "53"]
[EventDate "2011.09.23"]

1. e4 Nf6 2. e5 Nd5 3. d4 d6 4. Nf3 dxe5 5. Nxe5 c6 6. Be2 g6 7. O-O Bg7 8. c4
Nc7 9. Be3 Nd7 10. Nf3 O-O 11. Nc3 e5 12. Bg5 Bf6 13. Bh6 Re8 14. Ne4 exd4 15.
Nxf6+ Qxf6 16. Bg5 Qd6 17. Nxd4 Nc5 18. Bf3 N7e6 19. Be3 Nxd4 20. Qxd4 Qxd4 21.
Bxd4 Ne6 22. Bf6 Nf8 23. Rfe1 Be6 24. b3 Nd7 25. Bc3 a5 26. Rad1 Nc5 27. Re5
1-0

[Event "II Weekend A"]
[Site "Biella ITA"]
[Date "2011.09.24"]
[Round "3"]
[White "Solomon, Kenny"]
[Black "Brunello, Sabino"]
[Result "0-1"]
[WhiteElo "2426"]
[BlackElo "2569"]
[PlyCount "142"]
[EventDate "2011.09.23"]

1. Nf3 d5 2. d4 c6 3. c4 e6 4. Nbd2 Nf6 5. g3 c5 6. cxd5 exd5 7. Bg2 Nc6 8. O-O
h6 9. a3 a6 10. dxc5 Bxc5 11. b4 Bb6 12. Bb2 O-O 13. Qc2 Re8 14. e3 Bg4 15.
Rad1 Rc8 16. Qb1 Re6 17. Qa1 Qe7 18. Rc1 Rd8 19. Rfe1 Ne4 20. Bxg7 Nxf2 21.
Kxf2 Rxe3 22. Kf1 Bf5 23. Bh1 d4 24. Bxh6 Qe6 25. Rxe3 Qxh6 26. Ree1 Rd6 27.
Re8+ Kg7 28. Bg2 Rf6 29. Kg1 d3+ 30. Kh1 Bf2 31. Nh4 Bd7 32. Ne4 Bd4 33. Rg8+
Kxg8 34. Nxf6+ Bxf6 35. Qb1 d2 36. Rf1 Bxh4 37. gxh4 Ne5 38. Qb3 Qxh4 39. Bxb7
Bg4 40. Qe3 Qe7 41. Qxd2 Qxb7+ 42. Qg2 Qxg2+ 43. Kxg2 Bd7 44. Rf6 Be6 45. a4
Kg7 46. Rf4 Bd7 47. a5 f5 48. Rd4 Bb5 49. Kg3 Nd3 50. Kf3 Kf6 51. Ke3 Nb2 52.
Kf4 Nd3+ 53. Ke3 Ne5 54. h4 Nc6 55. Rf4 Ne7 56. Kf3 Ng6 57. Rd4 Ke5 58. Rd1
Nxh4+ 59. Kg3 Ng6 60. Rc1 Ne7 61. Re1+ Kf6 62. Rd1 Ke5 63. Re1+ Kd6 64. Kf4 Bd3
65. Kg5 Nd5 66. b5 axb5 67. a6 Be4 68. a7 Nb6 69. Ra1 b4 70. Ra6 Kc5 71. Ra5+
Kc4 0-1

[Event "II Weekend A"]
[Site "Biella ITA"]
[Date "2011.09.24"]
[Round "3"]
[White "Stella, Andrea"]
[Black "Gallucci, Alessio"]
[Result "1-0"]
[WhiteElo "2447"]
[BlackElo "2227"]
[PlyCount "101"]
[EventDate "2011.09.23"]

1. d4 d5 2. Nf3 e6 3. c4 c6 4. e3 Nf6 5. b3 Bd6 6. Bd3 Nbd7 7. Bb2 b6 8. Nbd2
Bb7 9. O-O Qc7 10. Qe2 O-O 11. e4 e5 12. cxd5 cxd5 13. Rac1 Qb8 14. dxe5 Nxe5
15. Nxe5 Bxe5 16. Bxe5 Qxe5 17. Nf3 Qe7 18. e5 Ne4 19. Qe3 Rae8 20. Bb5 Rc8 21.
Nd4 Qxe5 22. f3 Qg5 23. Qxg5 Nxg5 24. h4 Rxc1 25. Rxc1 Ne6 26. Nxe6 fxe6 27.
Rc7 Rb8 28. Bd7 e5 29. Be6+ Kh8 30. Rd7 d4 31. Bc4 e4 32. fxe4 Bxe4 33. Rxd4
Bg6 34. Ba6 h5 35. Rd7 Ra8 36. Be2 Re8 37. Bf3 a5 38. Rd6 Kh7 39. Rxb6 a4 40.
bxa4 Re7 41. Rb5 Re1+ 42. Kf2 Ra1 43. Rb2 Bf7 44. Be4+ Bg6 45. Bxg6+ Kxg6 46.
Kg3 Rc1 47. Rb3 Rc4 48. Ra3 Rc6 49. a5 Ra6 50. Kf4 Kf6 51. Ra4 1-0

[Event "II Weekend A"]
[Site "Biella ITA"]
[Date "2011.09.24"]
[Round "3"]
[White "Valsecchi, Alessio"]
[Black "Malakhatko, Vadim"]
[Result "1-0"]
[WhiteElo "2338"]
[BlackElo "2543"]
[PlyCount "61"]
[EventDate "2011.09.23"]

1. e4 c5 2. Nf3 e6 3. d3 d5 4. Qe2 Nf6 5. g3 dxe4 6. dxe4 b6 7. Bg2 Ba6 8. c4
Nc6 9. O-O Nd4 10. Nxd4 Qxd4 11. Na3 Rd8 12. e5 Nd7 13. Bc6 Rc8 14. Ba4 b5 15.
Nxb5 Qxe5 16. Qxe5 Nxe5 17. Nxa7+ Ke7 18. Nxc8+ Bxc8 19. Bd1 Nxc4 20. b3 Ne5
21. Be2 Nc6 22. Ba3 Kf6 23. Rac1 Nd4 24. Bb2 e5 25. Bxd4 exd4 26. b4 Bh3 27.
Rfd1 cxb4 28. Rxd4 Be6 29. Rd8 g6 30. Bc4 Bh3 31. Bb3 1-0

[Event "II Weekend A"]
[Site "Biella ITA"]
[Date "2011.09.25"]
[Round "4"]
[White "Brunello, Sabino"]
[Black "Valsecchi, Alessio"]
[Result "1-0"]
[WhiteElo "2569"]
[BlackElo "2338"]
[PlyCount "131"]
[EventDate "2011.09.23"]

1. c4 Nf6 2. g3 c6 3. Bg2 d5 4. Nf3 dxc4 5. O-O g6 6. Na3 Bg7 7. Nxc4 O-O 8. d3
Be6 9. Qc2 Na6 10. Bd2 Qc8 11. Rfc1 Rd8 12. b4 Nc7 13. a4 Bxc4 14. Qxc4 a6 15.
Rab1 Qe6 16. Qxe6 Nxe6 17. Ne5 Ne4 18. Bxe4 Bxe5 19. Kf1 Nc7 20. Rc5 Bd6 21.
Rc2 e6 22. d4 Rd7 23. e3 Rad8 24. Bf3 Bf8 25. Be1 Bg7 26. Be2 Ra8 27. b5 axb5
28. axb5 Nxb5 29. Bxb5 cxb5 30. Rxb5 h5 31. Rcb2 Ra7 32. Ke2 Bf6 33. Ba5 Be7
34. h3 Kf8 35. g4 hxg4 36. hxg4 Ke8 37. Bb6 Ra8 38. f4 Rb8 39. Ba7 Ra8 40. Bb6
Ra1 41. g5 Bd6 42. Kf3 Ke7 43. Ba5 Bc7 44. Bxc7 Rxc7 45. Rxb7 Rxb7 46. Rxb7+
Kf8 47. Ke4 Ra5 48. Rc7 Kg7 49. Kd3 Kf8 50. Rc5 Ra1 51. Rc3 Ra5 52. Rb3 Ra1 53.
Kc4 Ra5 54. Kb4 Ra7 55. Kc5 Ke7 56. Kc6 Ra6+ 57. Rb6 Ra4 58. Rb7+ Kf8 59. Kd7
Ra3 60. e4 Ra4 61. d5 exd5 62. exd5 Rxf4 63. d6 Rd4 64. Kc6 Rc4+ 65. Kd5 Rc8
66. d7 1-0

[Event "II Weekend A"]
[Site "Biella ITA"]
[Date "2011.09.25"]
[Round "4"]
[White "Cossar, Claudio"]
[Black "Brunello, Marina"]
[Result "1/2-1/2"]
[WhiteElo "2062"]
[BlackElo "2215"]
[PlyCount "80"]
[EventDate "2011.09.23"]

1. f4 d5 2. Nf3 Nf6 3. d3 e6 4. g3 Bc5 5. e3 Nbd7 6. Bg2 O-O 7. O-O Bb6 8. Kh1
Re8 9. Ne5 c6 10. Qe2 Bc7 11. Nxd7 Nxd7 12. e4 f5 13. c4 dxe4 14. dxe4 fxe4 15.
Nc3 e5 16. Nxe4 exf4 17. Bxf4 Ne5 18. Rad1 Bg4 19. Rxd8 Bxe2 20. Rxa8 Rxa8 21.
Re1 Bh5 22. Nc5 Nf3 23. Re7 Bxf4 24. gxf4 Nd4 25. Nxb7 Rf8 26. Na5 Rxf4 27.
Nxc6 Nxc6 28. Bxc6 Kf8 29. Rxa7 Rxc4 30. Bd5 Rc1+ 31. Kg2 Rc2+ 32. Kg3 Rxb2 33.
h4 Rb4 34. a4 Rg4+ 35. Kh3 Rd4 36. Bc6 Rd3+ 37. Kh2 Rd4 38. Kh3 Rd3+ 39. Kh2
Rd4 40. Kh3 Rd3+ 1/2-1/2

[Event "II Weekend A"]
[Site "Biella ITA"]
[Date "2011.09.25"]
[Round "4"]
[White "Dgebuadze, Alexandre"]
[Black "Sbarra, Marco"]
[Result "1-0"]
[WhiteElo "2544"]
[BlackElo "2227"]
[PlyCount "71"]
[EventDate "2011.09.23"]

1. e4 e5 2. Nf3 Nc6 3. Bc4 Nf6 4. d3 Bc5 5. O-O a6 6. c3 Ba7 7. Bb3 d6 8. Nbd2
O-O 9. Nc4 Be6 10. Ne3 Bxb3 11. Qxb3 Qd7 12. h3 Ne7 13. Re1 c6 14. a4 b5 15.
Bd2 Rab8 16. axb5 axb5 17. Nc2 Ng6 18. Nb4 Ra8 19. c4 bxc4 20. dxc4 Qb7 21. Qc2
d5 22. cxd5 cxd5 23. Nxd5 Nxd5 24. exd5 Qxd5 25. Rad1 Rfc8 26. Qf5 Rd8 27. Ng5
Qxg2+ 28. Kxg2 Nh4+ 29. Kf1 Nxf5 30. Rxe5 g6 31. Ra5 Rd7 32. Ne4 Rd4 33. Re1
Kf8 34. Bc3 Rc4 35. Nf6 Rf4 36. Rxa7 1-0

[Event "II Weekend A"]
[Site "Biella ITA"]
[Date "2011.09.25"]
[Round "4"]
[White "Faraoni, Enrico"]
[Black "Solomon, Kenny"]
[Result "0-1"]
[WhiteElo "2104"]
[BlackElo "2426"]
[PlyCount "68"]
[EventDate "2011.09.23"]

1. a3 g6 2. f4 Bg7 3. Nf3 c5 4. g3 Nc6 5. Bg2 Nf6 6. d3 d5 7. O-O d4 8. e4 dxe3
9. Bxe3 Nd5 10. Bxc5 Bxb2 11. Nbd2 O-O 12. Ne4 Bxa1 13. Qxa1 f6 14. Nh4 Nc7 15.
Be3 Rf7 16. Qb2 Rb8 17. Kh1 Nd5 18. Bg1 Nb6 19. Nc5 Qd6 20. Ne4 Qc7 21. Nc5 e5
22. fxe5 fxe5 23. Rxf7 Qxf7 24. Nf3 Bh3 25. Bxh3 Qxf3+ 26. Bg2 Qf7 27. Ne4 h6
28. c4 Rd8 29. c5 Nc8 30. Be3 Rxd3 31. Qe2 Rxa3 32. Bh3 Ra1+ 33. Bg1 Nd4 34.
Qb2 Re1 0-1

[Event "II Weekend A"]
[Site "Biella ITA"]
[Date "2011.09.25"]
[Round "4"]
[White "Gagliardi, Christian"]
[Black "Aghayev, Miragha"]
[Result "1-0"]
[WhiteElo "2253"]
[BlackElo "2112"]
[PlyCount "149"]
[EventDate "2011.09.23"]

1. e4 c5 2. Nc3 d6 3. f4 Nc6 4. Nf3 g6 5. Bc4 Bg7 6. O-O e6 7. d3 Nge7 8. Qe1
O-O 9. f5 d5 10. Bb3 c4 11. dxc4 d4 12. f6 Bxf6 13. e5 Bg7 14. Ne4 Nxe5 15.
Nxe5 Bxe5 16. Bg5 f5 17. Qh4 Rf7 18. Nf6+ Kh8 19. Rae1 Bd6 20. Kh1 Bc5 21. Ng4
h5 22. Ne5 Rh7 23. Bf6+ Kg8 24. Nf3 Rf7 25. Ne5 Rh7 26. Nd3 b6 27. Ba4 a5 28.
a3 Qd6 29. Qg5 Rg7 30. Nf4 Rf7 31. Be8 Rxf6 32. Qxf6 e5 33. Qf7+ Kh8 34. Qxe7
Qxe7 35. Nxg6+ Kg7 36. Nxe7 Bxe7 37. Rxe5 Bf6 38. Ree1 h4 39. Bc6 Ra7 40. h3
Rc7 41. Bb5 Kf7 42. b3 Re7 43. Rxe7+ Bxe7 44. Bc6 Kf6 45. a4 Be6 46. Bd5 Bd7
47. Rd1 Bc5 48. Rd3 Ke5 49. Rd2 Kf4 50. Re2 Kg5 51. Be6 Bc6 52. Bd5 Bd7 53. Bf3
Kf4 54. Rd2 Ke5 55. Be2 Bb4 56. Rd1 Bc6 57. Kg1 Bf8 58. Kf2 Bh6 59. Bf3 Be4 60.
Bxe4 fxe4 61. Ke2 Bf8 62. Rf1 Be7 63. Rf7 Ke6 64. Rf4 Ke5 65. Rg4 Kf5 66. g3
hxg3 67. Rxg3 Bg5 68. Rg4 Bf6 69. Rg8 Be7 70. Rb8 Bc5 71. Rg8 Be7 72. h4 Bxh4
73. Rb8 Be7 74. Rxb6 Bb4 75. Rxb4 1-0

[Event "II Weekend A"]
[Site "Biella ITA"]
[Date "2011.09.25"]
[Round "4"]
[White "Gallucci, Alessio"]
[Black "Stella, Luca"]
[Result "1/2-1/2"]
[WhiteElo "2227"]
[BlackElo "2103"]
[PlyCount "49"]
[EventDate "2011.09.23"]

1. e4 g6 2. d4 Bg7 3. Be2 c5 4. dxc5 Qa5+ 5. c3 Qxc5 6. Be3 Qc6 7. Nd2 b6 8. f4
Bb7 9. Bf3 Qc7 10. Ne2 Nf6 11. O-O d6 12. Kh1 Nbd7 13. Nd4 a6 14. Qe1 Nc5 15.
e5 Nd5 16. exd6 Qxd6 17. Bg1 Qc7 18. f5 O-O 19. fxg6 hxg6 20. Qh4 Bf6 21. Qh6
Bg7 22. Qh3 Rad8 23. Rae1 Bc8 24. Bg4 Bb7 25. Bf3 1/2-1/2

[Event "II Weekend A"]
[Site "Biella ITA"]
[Date "2011.09.25"]
[Round "4"]
[White "Genocchio, Daniele"]
[Black "Seyfried, Claus"]
[Result "1-0"]
[WhiteElo "2432"]
[BlackElo "2144"]
[PlyCount "45"]
[EventDate "2011.09.23"]

1. e4 e5 2. Nf3 Nf6 3. Nc3 Nc6 4. Bb5 Bb4 5. d3 Nd4 6. Ba4 b5 7. Bb3 d5 8. O-O
Nxb3 9. axb3 dxe4 10. Nxe5 Bxc3 11. bxc3 O-O 12. d4 Re8 13. c4 bxc4 14. Nxc4
Nd5 15. Re1 Qh4 16. Ra5 Nf4 17. Bxf4 Qxf4 18. Qd2 Qf6 19. Rc5 Re7 20. Ne3 Bb7
21. Qb4 c6 22. Rf5 a5 23. Qc5 1-0

[Event "II Weekend A"]
[Site "Biella ITA"]
[Date "2011.09.25"]
[Round "4"]
[White "Malakhatko, Vadim"]
[Black "Lanzani, Mario"]
[Result "1-0"]
[WhiteElo "2543"]
[BlackElo "2359"]
[PlyCount "92"]
[EventDate "2011.09.23"]

1. c4 e5 2. Nc3 Nf6 3. e3 Nc6 4. a3 d5 5. cxd5 Nxd5 6. Qc2 Nxc3 7. bxc3 Bd6 8.
d4 Qe7 9. Bb2 O-O 10. Nf3 Kh8 11. Be2 f5 12. O-O Bd7 13. c4 b6 14. c5 bxc5 15.
dxe5 Nxe5 16. Nxe5 Bxe5 17. Bxe5 Qxe5 18. Rac1 f4 19. Qxc5 Qxc5 20. Rxc5 c6 21.
Rd1 Be8 22. e4 Rb8 23. Ra5 Rf7 24. h4 g6 25. Bc4 Re7 26. e5 Kg7 27. Rd4 Bf7 28.
Rxf4 Bxc4 29. Rxc4 Rb5 30. Rc5 Rxa5 31. Rxa5 Kf7 32. Rc5 Ke6 33. Rxc6+ Kxe5 34.
g3 Kf5 35. Kg2 Rb7 36. Ra6 Ke4 37. Ra5 h5 38. f3+ Ke3 39. Re5+ Kd4 40. Re6 Rg7
41. f4 Kd5 42. Re5+ Kd6 43. Rg5 Ke6 44. f5+ Kf6 45. fxg6 Rxg6 46. Rxh5 Kf7 1-0

[Event "II Weekend A"]
[Site "Biella ITA"]
[Date "2011.09.25"]
[Round "4"]
[White "Marinone, Lucio"]
[Black "Rambaldi, Francesco"]
[Result "0-1"]
[WhiteElo "2002"]
[BlackElo "2176"]
[PlyCount "104"]
[EventDate "2011.09.23"]

1. d4 Nf6 2. c4 g6 3. Nc3 d5 4. Nf3 Bg7 5. Qb3 dxc4 6. Qxc4 O-O 7. e4 Nc6 8.
Be2 Bg4 9. Be3 Nd7 10. O-O-O Nb6 11. Qd3 Qe8 12. Ne1 Nb4 13. Qd2 Bxe2 14. Qxe2
Na4 15. Nd3 Nxc3 16. bxc3 Na6 17. Qb2 Qa4 18. Kd2 c5 19. Ke2 Rad8 20. e5 b6 21.
Rhe1 Rc8 22. Rc1 Rfd8 23. Red1 e6 24. Kf1 Rd7 25. Kg1 c4 26. Nf4 Bxe5 27. Qc2
Qxc2 28. Rxc2 Bxf4 29. Bxf4 Rd5 30. Rb1 Rcd8 31. Kf1 f6 32. Re2 Kf7 33. f3 Re8
34. Rbe1 Re7 35. Kf2 g5 36. Bg3 Rb5 37. h4 gxh4 38. Bxh4 Nc7 39. Rc2 Nd5 40.
Re4 Re8 41. g4 a5 42. Kg2 a4 43. Be1 a3 44. Kg3 Rb1 45. Ree2 e5 46. Bf2 exd4
47. Bxd4 Rxe2 48. Rxe2 Rb2 49. Rf2 b5 50. f4 Rxf2 51. Kxf2 Nxf4 52. Bc5 Nd3+
0-1

[Event "II Weekend A"]
[Site "Biella ITA"]
[Date "2011.09.25"]
[Round "4"]
[White "Meijers, Viesturs"]
[Black "Pepino, Enrico"]
[Result "1-0"]
[WhiteElo "2471"]
[BlackElo "2168"]
[PlyCount "73"]
[EventDate "2011.09.23"]

1. c4 Nf6 2. b3 e6 3. Bb2 d5 4. e3 Be7 5. Nf3 O-O 6. a3 b6 7. d4 Bb7 8. Bd3 c5
9. O-O Nbd7 10. Nc3 Rc8 11. Rc1 Bd6 12. Qe2 Bb8 13. Rfd1 Qe7 14. Bb1 Rfd8 15.
Nd2 Nf8 16. Nf1 Ng6 17. dxc5 bxc5 18. cxd5 exd5 19. Ng3 Ba8 20. Na4 d4 21. exd4
Qb7 22. f3 Nf4 23. Qf2 cxd4 24. Nc5 Rxc5 25. Rxc5 Qxb3 26. Rxd4 Re8 27. Rc1 h5
28. Rb4 Qd5 29. Bxf6 gxf6 30. Be4 Qg5 31. Rcb1 Be5 32. Bxa8 Rxa8 33. Qc2 Rd8
34. Kh1 h4 35. Ne4 Qh5 36. Nxf6+ Bxf6 37. Rxf4 1-0

[Event "II Weekend A"]
[Site "Biella ITA"]
[Date "2011.09.25"]
[Round "4"]
[White "Siclari, Giovanni"]
[Black "Angelini, Marco"]
[Result "0-1"]
[WhiteElo "1928"]
[BlackElo "2200"]
[PlyCount "68"]
[EventDate "2011.09.23"]

1. f4 Nf6 2. Nf3 g6 3. g3 Bg7 4. Bg2 c5 5. O-O O-O 6. d3 d5 7. c3 Nc6 8. Na3
Re8 9. Qe1 e6 10. e4 b6 11. e5 Nd7 12. Nb5 Bf8 13. g4 a6 14. Na3 b5 15. Nc2 Bb7
16. Be3 a5 17. a3 b4 18. axb4 axb4 19. Rxa8 Qxa8 20. Qa1 Ba6 21. Rd1 Qb7 22.
cxb4 cxb4 23. Ncd4 Nxd4 24. Bxd4 Bc5 25. Bxc5 Nxc5 26. d4 Ne4 27. Ng5 Nxg5 28.
fxg5 Qb6 29. Qc1 Be2 30. Re1 Qxd4+ 31. Kh1 Bxg4 32. Qc7 Qxb2 33. Rf1 Bf5 34. h4
Qd4 0-1

[Event "II Weekend A"]
[Site "Biella ITA"]
[Date "2011.09.25"]
[Round "4"]
[White "Stella, Andrea"]
[Black "Solodovnichenko, Yuri"]
[Result "1/2-1/2"]
[WhiteElo "2447"]
[BlackElo "2622"]
[PlyCount "74"]
[EventDate "2011.09.23"]

1. d4 d6 2. Nf3 g6 3. e4 Nf6 4. Nc3 Bg7 5. Be2 O-O 6. O-O b6 7. Re1 Bb7 8. Bf1
e6 9. e5 dxe5 10. Nxe5 Nc6 11. Nxc6 Bxc6 12. Bf4 Bb7 13. Be5 Rc8 14. Be2 Qe7
15. Bf3 Bxf3 16. Qxf3 c6 17. Ne4 Nxe4 18. Bxg7 Kxg7 19. Qxe4 Rfd8 20. c3 Rd5
21. c4 Rd6 22. Qe5+ Kg8 23. Rad1 Rcd8 24. Rd3 R8d7 25. g3 Qd8 26. Red1 Qf8 27.
Kg2 h6 28. h4 Qg7 29. Qxg7+ Kxg7 30. Kf3 e5 31. Ke4 exd4 32. Rxd4 Re7+ 33. Kf3
Rf6+ 34. Rf4 Rfe6 35. Rfd4 Rf6+ 36. Rf4 Rfe6 37. Rfd4 Rf6+ 1/2-1/2

[Event "II Weekend A"]
[Site "Biella ITA"]
[Date "2011.09.25"]
[Round "4"]
[White "Topczewski, Damian"]
[Black "Miracola, Massimiliano"]
[Result "1-0"]
[WhiteElo "2189"]
[BlackElo "1993"]
[PlyCount "65"]
[EventDate "2011.09.23"]

1. e4 c5 2. Nf3 d6 3. d4 cxd4 4. Nxd4 Nf6 5. Nc3 g6 6. Bg5 Bg7 7. Bb5+ Bd7 8.
Qe2 O-O 9. O-O-O a6 10. Bxd7 Nbxd7 11. f4 Rc8 12. Rhe1 Qa5 13. Nb3 Qb4 14. a3
Qc4 15. Qxc4 Rxc4 16. e5 Ng4 17. Bxe7 Re8 18. Bxd6 Rxf4 19. e6 Nde5 20. e7 f6
21. Nd5 Rc4 22. Nc7 Rxe7 23. Bxe7 Rxc7 24. Bd6 Rc8 25. Bxe5 fxe5 26. Rd7 e4 27.
Rxb7 e3 28. h3 Ne5 29. Rxg7+ Kxg7 30. Rxe3 Kf6 31. Nd2 g5 32. Ne4+ Kg6 33. Nxg5
1-0

[Event "II Weekend A"]
[Site "Biella ITA"]
[Date "2011.09.25"]
[Round "4"]
[White "Ubezio, Marco"]
[Black "Naumkin, Igor"]
[Result "0-1"]
[WhiteElo "2134"]
[BlackElo "2473"]
[PlyCount "114"]
[EventDate "2011.09.23"]

1. e4 e6 2. d4 d5 3. Nc3 Bb4 4. e5 Ne7 5. Bd2 b6 6. Nf3 Bxc3 7. Bxc3 Ba6 8.
Bxa6 Nxa6 9. Qd3 Nb8 10. Bb4 Nf5 11. g4 Nh4 12. Nxh4 Qxh4 13. Qg3 Qd8 14. O-O-O
a5 15. Bd2 c5 16. Be3 Na6 17. Kb1 Qd7 18. f4 Qa4 19. Bf2 c4 20. Qa3 Qxa3 21.
bxa3 b5 22. Kb2 b4 23. a4 Rb8 24. Rb1 Kd7 25. Kc1 h5 26. g5 g6 27. h4 Rb7 28.
Rh3 Rhb8 29. Kd2 Nc7 30. Ke2 Na8 31. a3 c3 32. Rb3 Nb6 33. axb4 Nxa4 34. Ra3
Rxb4 35. Rh1 Rc4 36. Rha1 Rbb4 37. Be3 Kc6 38. Bf2 Kb5 39. Be3 Rb2 40. Kd3 Rbb4
41. Ke2 Kb6 42. Bf2 Nb2 43. Rxa5 Ra4 44. R1xa4 Rxa4 45. Rc5 Nc4 46. Rc8 Ra2 47.
Kd3 Ra1 48. Rf8 Rd1+ 49. Kxc3 Rf1 50. Rxf7 Rxf2 51. Kb4 Rxc2 52. Rf6 Ne3 53.
Rxe6+ Rc6 54. Rf6 Nc2+ 55. Ka4 Nxd4 56. f5 Nxf5 57. e6 Ne7 0-1

[Event "II Weekend A"]
[Site "Biella ITA"]
[Date "2011.09.25"]
[Round "4"]
[White "Vezzosi, Paolo"]
[Black "Bazzeato, Stefano"]
[Result "1-0"]
[WhiteElo "2351"]
[BlackElo "2054"]
[PlyCount "39"]
[EventDate "2011.09.23"]

1. d4 Nf6 2. Nf3 e6 3. c4 d5 4. Nc3 dxc4 5. e3 c5 6. Bxc4 a6 7. O-O Nc6 8. a3
Be7 9. Qe2 O-O 10. Rd1 b5 11. dxc5 Qc7 12. Bd3 Bxc5 13. b4 Bd6 14. Bb2 Bb7 15.
Rac1 Rac8 16. Bxb5 axb5 17. Nxb5 Bxh2+ 18. Nxh2 Ba6 19. Bxf6 Bxb5 20. Qg4 1-0

[Event "II Weekend A"]
[Site "Biella ITA"]
[Date "2011.09.25"]
[Round "4"]
[White "Zozulia, Anna"]
[Black "Pienabarca, Nicola"]
[Result "1/2-1/2"]
[WhiteElo "2377"]
[BlackElo "2106"]
[PlyCount "62"]
[EventDate "2011.09.23"]

1. e4 e5 2. Bc4 Nf6 3. d3 Nc6 4. Nf3 Be7 5. O-O O-O 6. Qe2 d6 7. c3 Na5 8. Bb5
a6 9. Ba4 b5 10. Bc2 c5 11. Nbd2 Re8 12. d4 cxd4 13. cxd4 exd4 14. Nxd4 Bb7 15.
Re1 Bf8 16. Qf3 Rc8 17. b3 Nc6 18. Nxc6 Rxc6 19. Bd3 Qa5 20. Rd1 Qc3 21. Rb1
Nd7 22. Bf1 Qxf3 23. gxf3 Rc2 24. a4 bxa4 25. bxa4 Bc6 26. Bxa6 Bxa4 27. Re1
Ne5 28. Kg2 Ra8 29. Be2 Ng6 30. Nf1 Bd7 31. Bd1 Rc7 1/2-1/2